| 000 | 01219cam a2200337 a 4500 | ||
|---|---|---|---|
| 999 |
_c16936 _d16936 |
||
| 001 | 2976201 | ||
| 003 | EG-ScBUE | ||
| 005 | 20201101103605.0 | ||
| 008 | 920212t2005 mau f 000 p eng d | ||
| 020 | _a9780807068878 (volume two) | ||
| 040 |
_aDLC _beng _erda _cDLC _dDLC _dEG-ScBUE |
||
| 082 | 0 | 4 |
_a811.54 _bOLI _222 |
| 100 | 1 |
_aOliver, Mary, _d1935- _eauthor. _930824 |
|
| 240 | 1 | 0 |
_aPoems. _kSelections |
| 245 | 1 | 0 |
_aNew and selected poems / _cMary Oliver. |
| 264 | 1 |
_aBoston : _bBeacon Press, _c[2005] |
|
| 264 | 4 | _cc2005 | |
| 300 |
_a2 volumes ; _c24 cm |
||
| 336 |
_2rdacontent _atext _btxt |
||
| 337 |
_2rdamedia _aunmediated _bn |
||
| 338 |
_2rdacarrier _avolume _bnc |
||
| 650 | 7 |
_aAmerican poetry. _2BUEsh _930775 |
|
| 650 | 7 |
_aChildren's poetry, American. _2BUEsh _930768 |
|
| 650 | 7 |
_930769 _aChristian poetry, American. _2BUEsh |
|
| 650 | 7 |
_930772 _aLove poetry, American. _2BUEsh |
|
| 650 | 7 |
_930539 _aWomen _vPoetry. _2BUEsh |
|
| 653 |
_cAugust2012 _bHHUUEENN |
||
| 655 |
_vReading book _934232 |
||
| 942 |
_2ddc _cBB |
||